| Поле | Название | Значение |
| |
Тип записи |
a |
| |
Библиографический уровень |
a |
| 001 |
Контрольный номер |
RU/REG73/CBS_GRAD/973fe947be8949d2b91d201eaf04f287 |
| 005 |
Дата корректировки |
20240131203733.4 |
| 010 |
Индекс ISBN |
__ |
| 9 |
Тираж |
17150 экз. |
| 100 |
Данные общей обработки |
__ |
| a |
Данные общей обработки |
20231218a2023####|||a0rusy0189 ca |
| 101 |
Язык документа |
0_ |
| a |
Язык текста |
rus |
| 102 |
Страна публикации |
__ |
| a |
Страна публикации |
RU |
| 200 |
Заглавие и сведения об ответственности |
1_ |
| a |
Заглавие |
Мемность бытия |
| e |
Сведения, относящиеся к заглавию |
о последнем романе Виктора Пелевина |
| f |
Первые сведения об ответственности |
Георгий Судовцев |
| 461 |
Уровень набора |
_0 |
| 1 |
|
2000 |
| a |
|
Завтра |
| 463 |
Уровень физической единицы |
_0 |
| 1 |
|
2000 |
| a |
|
№ 47 (1559)(ноябрь) |
| v |
|
С.6. |
| 1 |
|
2101 |
| d |
|
2023 |
| 1 |
|
300 |
| а |
|
Выходит еженедельно |
| 1 |
|
333 |
| а |
|
16+ |
| 1 |
|
001RU/REG73/CBS_GRAD/6331eca93c0541ba964e11334137f8fc |
| 610 |
Ключевые слова |
0_ |
| a |
Ключевые слова |
Пелевин, романы, новый роман, современная проза |
| 686 |
Индексы других классификаций |
__ |
| a |
Классификационный индекс |
84(2 Рос=Рус)6 |
| 2 |
Код системы |
rubbk |
| 700 |
Автор |
_1 |
| a |
Фамилия |
Судовцев |
| b |
Имя (инициалы) |
Г. |
| g |
Полное личное имя |
Георгий |
| 801 |
Источник записи |
_0 |
| a |
Страна |
RU |
| b |
Организация |
RuCBSGrad |
| c |
Дата составления |
20231218 |
| g |
Правила каталогизации |
RCR |
| 801 |
Источник записи |
_1 |
| a |
Страна |
RU |
| b |
Организация |
RuCBSGrad |
| c |
Дата составления |
20231218 |
| g |
Правила каталогизации |
RCR |
| 852 |
Данные о местонахождении |
__ |
| a |
Наименование организации |
МБУК "ЦБС г. Димитровграда" |
| m |
Каталогизатор |
Тенигина |
| 901 |
Тип документа |
__ |
| t |
Тип документа |
f |
| w |
Контрольный № источника |
RU/REG73/CBS_GRAD/6331eca93c0541ba964e11334137f8fc |
| 909 |
Создатель записи |
__ |
| a |
Создатель записи |
Тенигина |